00481nam a2200145Ia 4500008004100000041000800041082001400049100001900063245004500082260003700127300003000164365000700194999001500201952011900216240624s9999 xx 000 0 und d aeng a428.1 CLE aCLEVELAND CEIL a1500 WORDS IN 15 MINUTES A DAY A YEAR LO c2005aNew DelhibTata McGrawhill axi, : 430 : p. : cm. ; 27 cRS c3190d3190 00104070aIMTNbIMTNcRack 15-Bd2006-01-17eAPg350.00o428.1 CLEp3190r2024-06-24 00:00:00t1w2024-06-24yBK